000 02098nam a22002177a 4500
005 20250408162441.0
008 250408b |||||||| |||| 00| 0 eng d
020 _a9789353502683
040 _cAIMIT LIBRARY
082 _21
_a346.07
_bKUMR
100 _aKumar, Ravinder.
_9207953
245 _aBusiness laws /
_cBy Ravinder Kumar.
250 _a1st ed.
260 _aNew Delhi :
_bCengage ,
_c2020.
300 _axii,369p. ;
_bPB
_c24.4 cm
500 _aBusiness laws is a comprehensive text on the subject to meet the venerable needs of B. Com. And BBA programmes offered by various universities and institutes across the country. The text has been tailored to match ugc-mandated CBCS curriculum of business laws of University of Delhi and Jamie Millia islamia and mdash; a central university by an act of Parliament, two of the leading central universities of the country based in the National Capital. The book aims to acquaint the readers with some key business legislations that govern business activities so as to facilitate them to take decisions in their working or professional lives that do not fail the test of the law of land. The legislations covered in this volume are: the Indian Contract Act, 1872; The Sale of Goods Act, 1930; The Negotiable Instruments Act, 1881; The limited liability Partnership Act, 2008; and the information Technology Act, 2000. The book has been written from an Indian perspective to elaborate on the core concepts of business laws in a logical, concise, and yet illustrative manner. Landmark legal cases supplement and illustrate technical aspects of the subject matter. Pedagogical features such as learning objectives, side-bars defining key terms, end-of-chapter summary, objective-type questions, caselets, review questions in addition to a comprehensive set of case studies make the teaching and learning of business laws engaging and enriching.
650 _aCompetency of parties
_9207954
650 _aPerformance and discharge of contract
_9207955
650 _aRemedies for breach of contract
_9207956
942 _2ddc
_cBK
_e1st
_k346.07 KUMR
999 _c234123
_d234123